000 00597nam a2200181 a 4500
001 000044080
005 20250207073535.0
008 130730s2013 dr a 000 0 spa d
020 _a9789945877977
040 _aDO-SdBNP
_bspa
_cBNPHU
110 2 _aINFOTEP (Agencia)
_978644
245 1 0 _aMódulo derecho laboral :
_bguía del participante /
_celaboración de textos Ana María Pérez Zapata.
260 _aSanto Domingo :
_bINFOTEP,
_c2013.
300 _a62 p. :
_bil. ;
_c28 cm.
504 _aBibliografía p: 62
500 _aIncluye glosario
700 1 2 _aPérez Zapata, Ana María
_etex.
_972077
999 _c43569
_d43569